|
|
|
|
| LEADER |
05285nam a22004093i 4500 |
| 001 |
EBC6383180 |
| 003 |
MiAaPQ |
| 005 |
20231204023215.0 |
| 006 |
m o d | |
| 007 |
cr cnu|||||||| |
| 008 |
231204s2018 xx o ||||0 eng d |
| 020 |
|
|
|a 9789813236035
|q (electronic bk.)
|
| 020 |
|
|
|z 9789813236028
|
| 035 |
|
|
|a (MiAaPQ)EBC6383180
|
| 035 |
|
|
|a (Au-PeEL)EBL6383180
|
| 035 |
|
|
|a (OCoLC)1231606553
|
| 040 |
|
|
|a MiAaPQ
|b eng
|e rda
|e pn
|c MiAaPQ
|d MiAaPQ
|
| 100 |
1 |
|
|a Tan, Puay-yok.
|
| 245 |
1 |
0 |
|a Nature, Place & People :
|b Forging Connections Through Neighbourhood Landscape Design.
|
| 250 |
|
|
|a 1st ed.
|
| 264 |
|
1 |
|a Singapore :
|b World Scientific Publishing Company,
|c 2018.
|
| 264 |
|
4 |
|c Ã2018.
|
| 300 |
|
|
|a 1 online resource (216 pages)
|
| 336 |
|
|
|a text
|b txt
|2 rdacontent
|
| 337 |
|
|
|a computer
|b c
|2 rdamedia
|
| 338 |
|
|
|a online resource
|b cr
|2 rdacarrier
|
| 505 |
0 |
|
|a Intro -- Contents -- Foreword I -- Foreword II -- Acknowledgments -- Contributors -- Introduction -- PART I: A Conceptual Framework for Designing Neighbourhood Landscapes -- CHAPTER 1 Landscapes in Urban Areas -- 1.1 What are urban landscapes? -- References -- CHAPTER 2 Neighbhourhood Landscapes -- 2.1 Neighbourhoods and neighbourhood landscapes -- 2.2 Why neighbourhood landscapes matter -- Neighbourhood landscapes occupy substantial space incities -- Neighbourhoods landscapes are the "everyday landscapes" for the large majority of urbandwellers -- Neighbourhood landscapes act as a medium connecting different stakeholders and forging asense of belonging to place and nation -- Neighbourhood landscapes influence the ecological and biophysical conditions of neighbourhoods -- 2.3 Typologies of green and open spaces of neighbourhood landscapes -- Typologies of green and open spaces in Singapore's public housing estates -- Singapore's public housing -- Typologies of green and open spaces -- Typologies of green and open spaces in Singapore's public housing estates -- References -- CHAPTER 3 A Conceptual Framework for Neighbourhood Landscape Design -- 3.1 Conceptual foundations -- 1. Neighbourhood landscapes need to be viewed through multidisciplinary lenses -- 2. Neighbourhood landscape design and management are connected to and serve the urban development goals of sustainability, liveability, and resilience -- 3. Neighbourhoods are urban ecosystems nested within a larger urban ecosystem -- 4. Neighbourhood landscapes generate landscape services which support human well-being -- 5. Neighbourhood landscapes form a value chain linking ecological processes to benefits for humans -- 6. Landscape design should be a transdisciplinary process translating normative goals into landscape changes -- 3.2 Conceptual framework for neighbourhood landscape design.
|
| 505 |
8 |
|
|a 3.3 Principles and strategies for neighbourhood landscapes design -- Principle 1 - Neighbourhood landscapes are ecosystems connected to larger ecosystems -- Principle 2 - As part of a social-ecological system, social and ecological processes that interact in concert determine the character of neighbourhood landscapes -- Principle 3 - Neighbourhood landscapes are dynamic -- Principle 4 - Ecosystem functions remain important, even at the scale of neighbourhood landscapes -- Principle 5 - Heterogeneity in neighbourhood landscapes promotes biodiversity and ecosystem functions -- References -- PART II: Guidelines for Neighbourhood Landscape Design -- CHAPTER 4 Neighbourhood Landscape Development Process and Design Approaches -- 4.1 Neighbourhood landscape development process -- 4.2 Design approaches -- 4.2.1 Site-specific design -- 4.2.2 Integrated design -- 4.2.3 Participatory design -- 4.2.4 Biophilic design -- References -- CHAPTER 5 Designing Neighbourhood Landscapes with Landscape Services -- 5.1 Selection of landscape services for neighbourhoods -- 5.2 Tradeoffs in managing neighbourhood landscapes -- 5.3 Guidelines for neighbourhood landscape services -- 5.4 Soil -- S1 Nutrient cycling -- S2 Maintenance of soil quality -- S3 Erosion control -- 5.5 Water -- W1 Water cycling -- W2 Flood hazard mitigation -- W3 Stormwater and domestic wastewater treatment -- W4 Water for irrigation -- 5.6 Flora and fauna -- F1 Provision of habitat for biodiversity -- F2 Mosquito control -- F3 Fresh produce -- 5.7 Outdoor comfort -- C1 Heat mitigation -- C2 Noise abatement -- 5.8 People -- P1 Sense of place -- P2 Aesthetic values -- P3 Social relations -- P4 Environmental education -- P5 Recreation -- References -- Photo Credits -- Glossary -- Index.
|
| 588 |
|
|
|a Description based on publisher supplied metadata and other sources.
|
| 590 |
|
|
|a Electronic reproduction. Ann Arbor, Michigan : ProQuest Ebook Central, 2023. Available via World Wide Web. Access may be limited to ProQuest Ebook Central affiliated libraries.
|
| 655 |
|
4 |
|a Electronic books.
|
| 700 |
1 |
|
|a Liao, Kuei-hsien.
|
| 700 |
1 |
|
|a Hwang, Yun Hye.
|
| 700 |
1 |
|
|a Chua, Vincent.
|
| 776 |
0 |
8 |
|i Print version:
|a Tan, Puay-yok
|t Nature, Place & People: Forging Connections Through Neighbourhood Landscape Design
|d Singapore : World Scientific Publishing Company,c2018
|z 9789813236028
|
| 797 |
2 |
|
|a ProQuest (Firm)
|
| 856 |
4 |
0 |
|u https://ebookcentral.proquest.com/lib/matrademy/detail.action?docID=6383180
|z Click to View
|